Cricket: Most Runs Off One Over in a Test Match - Statistics

General Stats
  • This quiz has been taken 24 times
    23 since last reset
  • The average score is 5 of 12
Answer Stats
For Against Year Runs Bowler Answer % Correct
WI SA 2003 28 Robin Peterson Brian Lara
90%
WI PAK 2006 26 Danish Kaneria Brian Lara
90%
SA AUS 2009 25 Andrew McDonald AB de Villiers
67%
NZ SL 2014 26 Suranga Lakmal Brendon McCullum
48%
PAK IND 2006 27 Harbhajan Singh Shahid Afridi
43%
AUS ENG 2013 28 James Anderson George Bailey
38%
IND SL 2017 26 Malinda Pushpakumara Hardik Pandya
24%
AUS SA 2009 26 Paul Harris Mitchell Johnson
24%
NZ PAK 2001 26 Younis Khan Craig McMillan
14%
WI ENG 1981 25 Lord Ian Botham Sir Andy Roberts
14%
SA ENG 2020 28 Joe Root Keshav Maharaj
10%
WI IND 2006 25 Munaf Patel Ramnaresh Sarwan
10%
No matching quizzes found
Score Distribution
Percent of People with Each Score
Percentile by Number Answered
Your Score History
You have not taken this quiz since the last reset